000 00453nab a2200145Ia 4500
003 ES-SlBCS
005 20210601125252.0
008 140529s1987 xxu||||| |||| 00| 0 eng d
041 _aeng
100 1 _aLuper-Foy, Steven
_9132755
245 0 4 _aThe Causal Indicator Analysis of Knowledge
_c Steven Luper-Foy
650 0 4 _aConocimiento
_9113574
773 0 _tPhilosophy and Phenomenological Research
_gvol. 48, 1987, págs. 563-588
_wRev1411
942 _cAR
999 _c527546
_d527546